When cultures collide : managing successfully across cultures

Bibliographic Details
Main Author: Lewis, Richard D
Format: Book
Published: London : Nicholas Brealey , 1996
Subjects:

MARC

LEADER 00000cam a2200000 7i4500
001 0000008166
002 000008907
005 20000330.0
020 |a 1857880862 
090 0 0 |a 658.049   |b LEW 
100 1 |a Lewis, Richard D 
245 1 0 |a When cultures collide :   |b managing successfully across cultures 
260 |a London :   |b Nicholas Brealey ,   |c 1996 
300 |a 331p. ;   |c 26cm. 
650 0 0 |a International business enterprises   |x Management   |x Social aspects 
999 |a 052776   |b BUKU   |c PINJAMAN   |e PERPUSTAKAAN KOMUNITI PETALING JAYA 
999 |a 052777   |b BUKU   |c PINJAMAN   |e PERPUSTAKAAN KOMUNITI PETALING JAYA